Hướng dẫn đồ án kỹ thuật thi công bê tông toàn khối nhà nhiều tầng.

Nội dung của sách gồm 3 chương tập trung chủ yếu vào thiết kế thi công nhà nhiều tầng và các ví dụ đồ án thực hành thiết kế thi công bê tông cốt thép toàn khối.

שמור ב:
מידע ביבליוגרפי
מחבר ראשי: Doãn, Hiệu
פורמט: ספר
שפה:Undetermined
יצא לאור: Hà Nội Xây dựng 2016
נושאים:
תגים: הוספת תג
אין תגיות, היה/י הראשונ/ה לתייג את הרשומה!
Thư viện lưu trữ: Trung tâm Học liệu Trường Đại học Cần Thơ
LEADER 00893nam a2200205Ia 4500
001 CTU_227279
008 210402s9999 xx 000 0 und d
020 |c 93000 
082 |a 624.1834 
082 |b H309 
100 |a Doãn, Hiệu 
245 0 |a Hướng dẫn đồ án kỹ thuật thi công bê tông toàn khối nhà nhiều tầng. 
245 0 |c Doãn Hiệu 
260 |a Hà Nội 
260 |b Xây dựng 
260 |c 2016 
520 |a Nội dung của sách gồm 3 chương tập trung chủ yếu vào thiết kế thi công nhà nhiều tầng và các ví dụ đồ án thực hành thiết kế thi công bê tông cốt thép toàn khối. 
650 |a Concrete construction,Bê tông cốt thép 
904 |i Tuyến 
980 |a Trung tâm Học liệu Trường Đại học Cần Thơ